ELEMENTS OF PROBABILITY AND STATISTICS (Record no. 9303)
[ view plain ]
| 000 -LEADER | |
|---|---|
| fixed length control field | 00855nam a22001577a 4500 |
| 003 - CONTROL NUMBER IDENTIFIER | |
| control field | SGT |
| 020 ## - INTERNATIONAL STANDARD BOOK NUMBER | |
| International Standard Book Number | 9780074600412 |
| 082 ## - DEWEY DECIMAL CLASSIFICATION NUMBER | |
| Classification number | 519.5,BAI |
| 100 ## - MAIN ENTRY--PERSONAL NAME | |
| Personal name | BAISNAB A. P. |
| 245 ## - TITLE STATEMENT | |
| Title | ELEMENTS OF PROBABILITY AND STATISTICS |
| 260 ## - PUBLICATION, DISTRIBUTION, ETC. (IMPRINT) | |
| Place of publication, distribution, etc | NEW DELHI |
| Name of publisher, distributor, etc | TMH |
| Year of Publication | 2015 |
| 300 ## - PAGE DESCRIPTION | |
| No. of Pages | 408 |
| 650 ## - SUBJECT ADDED ENTRY--TOPICAL TERM | |
| Topical term or geographic name as entry element | MATHEMATICS AND STATISTICS |
| 653 ## - KEYWORDS--INDEX TERM | |
| Keyword term | CHAPTER 1 ALGEBRA OF SETS, BETA AND GAMMA FUNCTIONS CHAPTER 2 PROBABILITY THEORY CHAPTER 3 RANDOM VARIABLE AND PROBABILITY DISTRIBUTIONS CHAPTER 4 MATHEMATICAL EXPECTATION CHAPTER 5 SOME DISCRETE AND CONTINUOUS DISTRIBUTIONS CHAPTER 6 GENERATING FUNCTIONS, CHARACTERISTIC FUNCTIONS AND LIMIT THEOREMS CHAPTER 7 ELEMENTS OF STATISTICS CHAPTER 8 SAMPLING DISTRIBUTIONS CHAPTER 9 THEORY OF ESTIMATION CHAPTER 10 TESTS OF HYPOTHESES CHAPTER 11 CURVE FITTING AND CORRELATION CHAPTER 12 THEORY OF ERRORS |
| 942 ## - ADDED ENTRY ELEMENTS (KOHA) | |
| Source of classification or shelving scheme | Dewey Decimal Classification |
| Koha item type | FPS Books |
| Withdrawn status | Lost status | Source of classification or shelving scheme | Damaged status | Not for loan | Collection code | Home library | Current library | Shelving location | Date acquired | Vendor Name | SGTU | Bill Number | Total Checkouts | Full call number | Accession No. (Barcode) | Date last seen | Bill Date | Koha item type |
|---|---|---|---|---|---|---|---|---|---|---|---|---|---|---|---|---|---|---|
| Dewey Decimal Classification | SCIENCE | SGT Science & Social Sciences Library | SGT Science & Social Sciences Library | Text Book | 29/06/2016 | AHUJA BOOK | SGTU | 6680 | 519.5,BAI | PS1473 | 29/06/2016 | 03/03/2016 | FPS Books |